[Event "ARG-ch sf"]
[Site "Mar de Ajo"]
[Date "2025.05.18"]
[Round "9"]
[White "Moreno Perez, Tobias Sebastian"]
[Black "Garnier, Rene Augusto"]
[Result "0-1"]
[WhiteElo "2282"]
[BlackElo "2207"]
[PlyCount "88"]
[EventDate "2025.05.13"]
[EventType "swiss"]
[EventRounds "9"]
[EventCountry "ARG"]
[SourceTitle "CB22_2025"]
[SourceDate "2025.05.28"]
[SourceVersion "1"]
[SourceVersionDate "2025.05.28"]
[SourceQuality "1"]

1. d4 Nf6 2. c4 e6 3. Nc3 Bb4 4. Bd2 d5 5. e3 0-0 6. Nf3 a6 7. Rc1 dxc4 8. Bxc4 Nc6 9. 0-0 h6 10. h3 Bd6 11. e4 e5 12. Be3 Re8 13. d5 Ne7 14. Nd2 Ng6 15. Bd3 Nf4 16. Bxf4 exf4 17. Nc4 Nd7 18. Nxd6 cxd6 19. Re1 Ne5 20. Bf1 Qg5 21. Kh2 f3 22. g3 Qh5 23. Na4 g5 24. Rxc8 Raxc8 25. Nb6 Rc7 26. Qd2 Qg6 27. b3 Qf6 28. Rc1 Qd8 29. Re1 f5 30. exf5 Rce7 31. Rxe5 Rxe5 32. Nc4 Re1 33. Bd3 Qf6 34. g4 Qd4 35. f6 Kf8 36. Bg6 Qxd2 37. Nxd2 R8e2 38. Nxf3 Rxf2+ 39. Kg3 Ree2 40. Nd4 Rg2+ 41. Kf3 Ref2+ 42. Ke3 Rxf6 43. Bf5 Rxa2 44. Be6 Rh2 0-1

[Event "Mar del Plata op 54th"]
[Site "Mar del Plata"]
[Date "2025.04.15"]
[Round "5"]
[White "Tovillas, Daniel R"]
[Black "Moreno Perez, Tobias Sebastian"]
[Result "0-1"]
[WhiteElo "2067"]
[BlackElo "2322"]
[PlyCount "106"]
[EventDate "2025.04.12"]
[EventType "swiss"]
[EventRounds "9"]
[EventCountry "ARG"]
[SourceTitle "CB17_2025"]
[SourceDate "2025.04.23"]
[SourceVersion "1"]
[SourceVersionDate "2025.04.23"]
[SourceQuality "1"]

1. e4 c6 2. d4 d5 3. exd5 cxd5 4. Bd3 Nc6 5. c3 Nf6 6. h3 g6 7. Nf3 Bg7 8. 0-0 Bf5 9. Bxf5 gxf5 10. Bf4 0-0 11. Nbd2 e6 12. Ne5 Ne7 13. Ndf3 Ne4 14. Re1 f6 15. Nd3 Ng6 16. Bh2 Rc8 17. Qb3 Qe7 18. Rad1 Bh6 19. Re2 b6 20. Kh1 Qf7 21. Ng1 f4 22. Rde1 Rfe8 23. Nf3 Kh8 24. Rxe4 dxe4 25. Rxe4 Qd7 26. Nxf4 Bxf4 27. Bxf4 b5 28. a3 a5 29. Bg3 Qd5 30. Qc2 b4 31. axb4 axb4 32. Rg4 Qf5 33. Qd2 Kg7 34. Kh2 bxc3 35. bxc3 Qa5 36. Qf4 Rxc3 37. Nh4 Qd5 38. Qd2 Rec8 39. Qd1 Kf7 40. Qd2 Kg7 41. Qd1 Rg8 42. Qa1 Rb3 43. Qc1 Rb7 44. Qe3 Kf7 45. Qh6 Rg7 46. f4 Rb2 47. Be1 Re2 48. Bg3 Kg8 49. Kh1 Qb7 50. Qh5 Rc2 51. f5 exf5 52. Qxf5 Qb1+ 53. Kh2 Rxg2+ 0-1

[Event "Villa Martelli ProAm op 31st"]
[Site "Villa Martelli"]
[Date "2024.10.23"]
[Round "5"]
[White "Scarsi, Anna Laura"]
[Black "Moreno Perez, Tobias Sebastian"]
[Result "1-0"]
[WhiteElo "2071"]
[BlackElo "2340"]
[PlyCount "71"]
[EventDate "2024.10.19"]
[EventType "swiss"]
[EventRounds "9"]
[EventCountry "ARG"]
[SourceTitle "CB44_2024"]
[Source "Chessbase"]
[SourceDate "2024.10.30"]
[SourceVersion "1"]
[SourceVersionDate "2024.10.30"]
[SourceQuality "1"]

1. e4 c6 2. d4 d5 3. e5 Bf5 4. Nf3 e6 5. Be2 c5 6. Be3 Nc6 7. dxc5 Nge7 8. Nbd2 Bg6 9. Nb3 Nf5 10. Bg5 Qc7 11. 0-0 Bh5 12. Re1 h6 13. Bf4 g5 14. Bg3 Bxf3 15. Bxf3 Bg7 16. Bg4 Nxg3 17. hxg3 Nxe5 18. Bxe6 fxe6 19. f4 gxf4 20. gxf4 0-0-0 21. fxe5 Bxe5 22. Qe2 Bh2+ 23. Kh1 Rde8 24. c6 Bg3 25. cxb7+ Kb8 26. Rf1 h5 27. Rf3 Rhg8 28. Qe3 h4 29. Nc5 Qd6 30. Qa3 a6 31. Nxa6+ Kxb7 32. Nc5+ Kc8 33. Rc3 Qc6 34. Ne4 Qxc3 35. Qxc3+ Kd8 36. Nf6 1-0

[Event "Villa Martelli ProAm op 31st"]
[Site "Villa Martelli"]
[Date "2024.10.21"]
[Round "3"]
[White "Paris, Adolfo"]
[Black "Moreno Perez, Tobias Sebastian"]
[Result "1/2-1/2"]
[WhiteElo "2046"]
[BlackElo "2340"]
[PlyCount "51"]
[EventDate "2024.10.19"]
[EventType "swiss"]
[EventRounds "9"]
[EventCountry "ARG"]
[SourceTitle "CB44_2024"]
[Source "Chessbase"]
[SourceDate "2024.10.30"]
[SourceVersion "1"]
[SourceVersionDate "2024.10.30"]
[SourceQuality "1"]

1. c4 e6 2. g3 d5 3. Bg2 Nf6 4. Nf3 Bd6 5. 0-0 0-0 6. d4 h6 7. Qc2 b6 8. Nc3 Bb7 9. Rd1 Nc6 10. a3 a5 11. e4 dxe4 12. Nxe4 Nxe4 13. Qxe4 a4 14. Qg4 Qf6 15. Bd2 Na5 16. c5 bxc5 17. dxc5 Bxc5 18. Bc3 Qg6 19. Qxg6 fxg6 20. Rd7 Rf7 21. Rxf7 Kxf7 22. Ne5+ Kg8 23. Bxb7 Nxb7 24. Nxg6 Nd6 25. Re1 Nb5 26. Re5 1/2-1/2

[Event "Villa Martelli ProAm op 31st"]
[Site "Villa Martelli"]
[Date "2024.10.20"]
[Round "2"]
[White "Moreno Perez, Tobias Sebastian"]
[Black "Dubrovich, Igor"]
[Result "1-0"]
[WhiteElo "2340"]
[BlackElo "2050"]
[PlyCount "73"]
[EventDate "2024.10.19"]
[EventType "swiss"]
[EventRounds "9"]
[EventCountry "ARG"]
[SourceTitle "CB44_2024"]
[Source "Chessbase"]
[SourceDate "2024.10.30"]
[SourceVersion "1"]
[SourceVersionDate "2024.10.30"]
[SourceQuality "1"]

1. Nf3 g6 2. c4 Bg7 3. d4 Nf6 4. g3 0-0 5. Bg2 d6 6. 0-0 Nc6 7. Nc3 a6 8. Bf4 Nh5 9. Be3 e5 10. dxe5 Nxe5 11. Qb3 Nxf3+ 12. Bxf3 Nf6 13. Rfd1 Ng4 14. Bd4 Ne5 15. Bg2 Be6 16. Qxb7 Rb8 17. Qxa6 Rxb2 18. c5 Bc4 19. Qa3 Qb8 20. Rab1 Rxb1 21. Rxb1 Qc8 22. cxd6 cxd6 23. Rd1 Qe6 24. Qb2 Nd7 25. Bxg7 Kxg7 26. a4 Rb8 27. Qd2 Qe5 28. Bf3 Bb3 29. Rb1 f6 30. Kg2 Rb6 31. h4 Bxa4 32. Ra1 Bc6 33. Bxc6 Rxc6 34. Ra7 Qxc3 35. Rxd7+ Kf8 36. Qh6+ Ke8 37. Qg7 1-0

[Event "ARG-chT"]
[Site "Villa Martelli"]
[Date "2024.09.07"]
[Round "2.1"]
[White "Moreno Perez, Tobias Sebastian"]
[Black "Quiroga, Facundo"]
[Result "1-0"]
[WhiteElo "2289"]
[BlackElo "2208"]
[PlyCount "99"]
[EventDate "2024.08.31"]
[EventType "team-swiss"]
[EventRounds "8"]
[EventCountry "ARG"]
[SourceTitle "EXT 2025"]
[Source "ChessBase"]
[SourceDate "2024.10.14"]
[SourceVersion "1"]
[SourceVersionDate "2024.10.14"]
[SourceQuality "1"]
[WhiteTeam "Torre Blanca"]
[BlackTeam "Club Argentino"]
[WhiteTeamCountry "ARG"]
[BlackTeamCountry "ARG"]

1. Nf3 Nf6 2. c4 e6 3. g3 d5 4. Bg2 Be7 5. 0-0 0-0 6. d4 dxc4 7. Qc2 a6 8. a4 Bd7 9. Rd1 Bc6 10. Nc3 Bb4 11. Bg5 Bxc3 12. bxc3 Be4 13. Qa2 b5 14. Ne5 Bxg2 15. Kxg2 h6 16. Bxf6 gxf6 17. Nf3 Nd7 18. d5 Qe7 19. Qd2 Rfd8 20. axb5 Nc5 21. Qxh6 Rxd5 22. bxa6 Rxa6 23. Rxa6 Nxa6 24. Ra1 Nc5 25. Qf4 c6 26. Qg4+ Kf8 27. Qxc4 f5 28. Ra8+ Kg7 29. Qf4 Nb7 30. c4 Rd8 31. Ra7 Rd7 32. Ne5 Rc7 33. Ra8 f6 34. Nf3 Nd6 35. c5 Nf7 36. e4 Ra7 37. Rxa7 Qxa7 38. Nd4 Qa2 39. exf5 exf5 40. Nxf5+ Kg8 41. Qd4 Qe6 42. Qd3 Kf8 43. h4 Ne5 44. Qd8+ Kf7 45. Ne3 Nd7 46. Qc7 Kg6 47. g4 Nxc5 48. h5+ Kg5 49. Kh3 Nd3 50. f4+ 1-0

[Event "ARG-chT"]
[Site "Villa Martelli"]
[Date "2024.08.31"]
[Round "1.1"]
[White "Moreno Perez, Tobias Sebastian"]
[Black "Moldovan, Adrian"]
[Result "1/2-1/2"]
[WhiteElo "2289"]
[BlackElo "2118"]
[PlyCount "89"]
[EventDate "2024.08.31"]
[EventType "team-swiss"]
[EventRounds "8"]
[EventCountry "ARG"]
[SourceTitle "EXT 2025"]
[Source "ChessBase"]
[SourceDate "2024.10.14"]
[SourceVersion "1"]
[SourceVersionDate "2024.10.14"]
[SourceQuality "1"]
[WhiteTeam "Torre Blanca"]
[BlackTeam "San Isidro"]
[WhiteTeamCountry "ARG"]
[BlackTeamCountry "ARG"]

1. Nf3 Nf6 2. c4 e6 3. g3 b6 4. Bg2 Bb7 5. d4 Be7 6. 0-0 0-0 7. d5 exd5 8. Nd4 Re8 9. Nc3 c6 10. cxd5 cxd5 11. Nf5 Bb4 12. Nxd5 Nxd5 13. Bxd5 Bxd5 14. Qxd5 Nc6 15. Ne3 Qe7 16. Rd1 Rad8 17. a3 Bc5 18. b4 Bxe3 19. Bxe3 Ne5 20. Rac1 d6 21. a4 h6 22. Rc2 Qd7 23. b5 Re7 24. Bf4 Qg4 25. Rcd2 Ng6 26. Be3 Qxa4 27. Bd4 Rc8 28. e3 Qc4 29. Qxd6 Qxb5 30. Ba1 Rec7 31. Qd4 f6 32. Qg4 Qe8 33. h4 Rc1 34. h5 Ne5 35. Bxe5 fxe5 36. Rd7 Rxd1+ 37. Qxd1 Rc1 38. Rxg7+ Kxg7 39. Qxc1 Qxh5 40. Qc7+ Kg6 41. Qxa7 Qd1+ 42. Kh2 Qd6 43. Qa4 Qf6 44. Kg2 h5 45. Qe4+ 1/2-1/2

[Event "Villa Constitucion op 6th"]
[Site "Villa Constitucion"]
[Date "2024.08.18"]
[Round "8"]
[White "Tristan, Leonardo"]
[Black "Moreno Perez, Tobias Sebastian"]
[Result "1-0"]
[WhiteElo "2534"]
[BlackElo "2289"]
[PlyCount "75"]
[EventDate "2024.08.14"]
[EventType "swiss"]
[EventRounds "9"]
[EventCountry "ARG"]
[SourceTitle "CBM 221 Extra"]
[Source "ChessBase"]
[SourceDate "2024.09.30"]
[SourceVersion "1"]
[SourceVersionDate "2024.09.30"]
[SourceQuality "1"]

1. e4 c6 2. d4 d5 3. exd5 cxd5 4. Nf3 Nf6 5. Bf4 Nc6 6. Nbd2 a6 7. c3 Bg4 8. Qb3 Na5 9. Qc2 e6 10. Bd3 Bxf3 11. Nxf3 Nc6 12. 0-0 Rc8 13. Qe2 Be7 14. Rfe1 0-0 15. Rad1 Na5 16. Ne5 b5 17. Bb1 Nc4 18. Rd3 Nxe5 19. dxe5 Nd7 20. Rh3 g6 21. Bd2 Re8 22. Rxh7 Kxh7 23. Qh5+ Kg8 24. Bxg6 fxg6 25. Qxg6+ Kh8 26. Qh6+ Kg8 27. Qg6+ Kh8 28. Re3 Nf8 29. Rh3+ Bh4 30. Qh6+ Nh7 31. Rxh4 Qd7 32. Bg5 Rf8 33. Bf6+ Rxf6 34. Qxf6+ Qg7 35. Qxe6 Rd8 36. g3 a5 37. Qf5 b4 38. Rxh7+ 1-0

[Event "Villa Constitucion op 6th"]
[Site "Villa Constitucion"]
[Date "2024.08.17"]
[Round "7"]
[White "Moreno Perez, Tobias Sebastian"]
[Black "Paveto, Kevin"]
[Result "1-0"]
[WhiteElo "2289"]
[BlackElo "2407"]
[PlyCount "51"]
[EventDate "2024.08.14"]
[EventType "swiss"]
[EventRounds "9"]
[EventCountry "ARG"]
[SourceTitle "CBM 221 Extra"]
[Source "ChessBase"]
[SourceDate "2024.09.30"]
[SourceVersion "1"]
[SourceVersionDate "2024.09.30"]
[SourceQuality "1"]

1. Nf3 e6 2. c4 Nf6 3. g3 b6 4. Bg2 Bb7 5. 0-0 Be7 6. d4 0-0 7. Nc3 Ne4 8. Qc2 Nxc3 9. Qxc3 d6 10. b3 Nd7 11. Bb2 Qe8 12. Ne1 Bxg2 13. Nxg2 f5 14. Nf4 Qf7 15. d5 e5 16. Ne6 Rfc8 17. f4 c6 18. Qd3 e4 19. Qd2 cxd5 20. Qxd5 Nf8 21. Nxg7 Qxd5 22. cxd5 Rc2 23. Nxf5 Ng6 24. Rab1 Bf8 25. Kf2 Rac8 26. Ne3 1-0

[Event "Buenos Aires Masters op"]
[Site "Buenos Aires"]
[Date "2024.06.23"]
[Round "9"]
[White "Moreno Perez, Tobias Sebastian"]
[Black "Vazquez, Facundo"]
[Result "1/2-1/2"]
[WhiteElo "2268"]
[BlackElo "2383"]
[PlyCount "105"]
[EventDate "2024.06.17"]
[EventType "swiss"]
[EventRounds "9"]
[EventCountry "ARG"]
[SourceTitle "CBM 220 Extra"]
[Source "ChessBase"]
[SourceDate "2024.07.31"]
[SourceVersion "1"]
[SourceVersionDate "2024.07.31"]
[SourceQuality "1"]

1. Nf3 c5 2. c4 Nc6 3. Nc3 g6 4. g3 Bg7 5. Bg2 e6 6. d4 cxd4 7. Nb5 d5 8. cxd5 Qa5+ 9. Bd2 Qxb5 10. dxc6 bxc6 11. a4 Qb6 12. 0-0 Ne7 13. Bf4 0-0 14. Bd6 Re8 15. b4 Qd8 16. Be5 Bxe5 17. Nxe5 Bb7 18. Qd2 Rb8 19. Rac1 Ba8 20. Rfd1 Nd5 21. Bxd5 cxd5 22. Qxd4 Qe7 23. b5 f6 24. Nc6 Bxc6 25. Rxc6 Rbd8 26. Qc3 Rd7 27. Rc1 Rb8 28. Rc7 Rb7 29. Rxb7 Rxb7 30. Qc8+ Kg7 31. Rc6 e5 32. a5 Qd7 33. Qxd7+ Rxd7 34. a6 g5 35. Rc8 Kg6 36. Rb8 d4 37. f3 h5 38. h3 Kf5 39. Kf2 g4 40. hxg4+ hxg4 41. Ke1 gxf3 42. exf3 Rh7 43. Rb7 Rh1+ 44. Kd2 Rb1 45. Kc2 Rb4 46. Rb8 Ra4 47. Kb3 Ra1 48. Rd8 Ke6 49. g4 Rb1+ 50. Kc4 Rc1+ 51. Kb4 Rb1+ 52. Kc5 Rc1+ 53. Kb4 1/2-1/2

[Event "Buenos Aires Masters op"]
[Site "Buenos Aires"]
[Date "2024.06.20"]
[Round "6"]
[White "Acosta, Franco Emanuel"]
[Black "Moreno Perez, Tobias Sebastian"]
[Result "0-1"]
[WhiteElo "2112"]
[BlackElo "2268"]
[PlyCount "50"]
[EventDate "2024.06.17"]
[EventType "swiss"]
[EventRounds "9"]
[EventCountry "ARG"]
[SourceTitle "CBM 220 Extra"]
[Source "ChessBase"]
[SourceDate "2024.07.31"]
[SourceVersion "1"]
[SourceVersionDate "2024.07.31"]
[SourceQuality "1"]

1. e4 c6 2. Nc3 d5 3. Nf3 dxe4 4. Nxe4 Nf6 5. Qe2 Nxe4 6. Qxe4 Nd7 7. Bc4 Nf6 8. Ne5 e6 9. Qe2 b5 10. Bd3 Qc7 11. Nxc6 a6 12. Nd4 Bb7 13. 0-0 Bd6 14. g3 0-0 15. b3 e5 16. Nf5 e4 17. Qe3 exd3 18. Bb2 Qc6 19. f3 Qc5 20. g4 Nd5 21. Qd4 Qxd4+ 22. Bxd4 Rfd8 23. Bxg7 dxc2 24. Rac1 Rac8 25. Rfe1 Ba3 0-1